[Event "DVM U14 2018"]
[Site "Magdeburg GER"]
[Date "2018.12.27"]
[Round "1"]
[White "Kosev, Momchil"]
[Black "Weihrauch, Jakob"]
[Result "0-1"]
[Termination "normal"]
[Board "1.1"]
[WhiteElo "1825"]
[BlackElo "2087"]
[WhiteClock "00:06:07"]
[BlackClock "00:05:09"]
[WhiteTeam "Erfurter SK"]
[BlackTeam "Hamburger SK"]
[PlyCount "60"]
[WhiteFideId "12975982"]
[BlackFideId "16210115"]
[EventCountry "GER"]
[EventRounds "7"]
[EventType "team-swiss"]
[EventDate "2018.12.26"]

1. Nf3 Nf6 2. c4 e6 3. g3 b6 4. Bg2 Bb7 5. O-O Be7 6. d4 c5 7. d5 exd5 8. Ne1
d6 9. cxd5 O-O 10. Nc3 Nbd7 11. Nc2 a6 12. a4 Ne8 13. Re1 Nc7 14. e4 Re8 15.
Ne3 b5 16. f4 c4 17. Nf5 Nc5 18. Qg4 Bf6 19. e5 dxe5 20. d6 exf4 21. Re7 Rxe7
22. dxe7 Qe8 23. Bxf4 Bxg2 24. Kxg2 b4 25. Bxc7 bxc3 26. Re1 cxb2 27. Nd6 b1=Q
28. Nxe8 Qb7+ 29. Kg1 Rxe8 30. Bf4 Bd4+ 0-1

[Event "DVM U14 2018"]
[Site "Magdeburg GER"]
[Date "2018.12.27"]
[Round "1"]
[White "Kotyk, Michael"]
[Black "Wagner, Victoria"]
[Result "1-0"]
[Termination "normal"]
[Board "1.2"]
[WhiteElo "2016"]
[BlackElo "1777"]
[WhiteClock "00:09:59"]
[BlackClock "00:00:38"]
[WhiteTeam "Hamburger SK"]
[BlackTeam "Erfurter SK"]
[PlyCount "67"]
[WhiteFideId "16214501"]
[BlackFideId "16232348"]
[EventCountry "GER"]
[EventRounds "7"]
[EventType "team-swiss"]
[EventDate "2018.12.26"]

1. Nf3 Nf6 2. c4 e6 3. Nc3 b6 4. e4 d6 5. d4 Bb7 6. Qc2 Be7 7. Bd3 h6 8. O-O c5
9. e5 dxe5 10. dxe5 Nfd7 11. Bf4 Nc6 12. a3 g5 13. Bg3 g4 14. Nd2 Ndxe5 15. Be4
Bd6 16. Rfe1 Qd7 17. Bxe5 Nxe5 18. Bxb7 Qxb7 19. Nde4 Bc7 20. Nf6+ Ke7 21. Nce4
Rad8 22. b4 cxb4 23. axb4 h5 24. Qa4 Bb8 25. b5 Kf8 26. Qa3+ Kg7 27. Qc1 Rh6
28. Qg5+ Ng6 29. Rad1 Rxd1 30. Rxd1 Qc8 31. Nxh5+ Rxh5 32. Qxh5 Qxc4 33. Ng5
Qxb5 34. Nxe6+ 1-0

[Event "DVM U14 2018"]
[Site "Magdeburg GER"]
[Date "2018.12.27"]
[Round "1"]
[White "Wagner, Margarethe"]
[Black "Klaas, Heiko"]
[Result "0-1"]
[Termination "normal"]
[Board "1.3"]
[WhiteElo "1693"]
[BlackElo "1718"]
[WhiteClock "00:21:57"]
[BlackClock "00:20:22"]
[WhiteTeam "Erfurter SK"]
[BlackTeam "Hamburger SK"]
[PlyCount "110"]
[WhiteFideId "16236947"]
[BlackFideId "16215940"]
[EventCountry "GER"]
[EventRounds "7"]
[EventType "team-swiss"]
[EventDate "2018.12.26"]

1. e4 e5 2. Nf3 Nc6 3. Bb5 a6 4. Ba4 Nf6 5. d3 b5 6. Bb3 Be7 7. c3 d6 8. h3 O-O
9. Be3 Na5 10. Bc2 c5 11. Nbd2 Qc7 12. a4 Bb7 13. O-O Rfd8 14. Qe2 h6 15. Rfc1
d5 16. exd5 Nxd5 17. c4 Nxe3 18. Qxe3 bxc4 19. dxc4 Nc6 20. Qe4 g6 21. Qe3 Kg7
22. Nb3 Nd4 23. Nbxd4 exd4 24. Qe5+ Qxe5 25. Nxe5 Bg5 26. Re1 Rd6 27. Nd3 Rc8
28. Re5 Rb6 29. a5 Re6 30. Rxc5 Rce8 31. Ba4 R8e7 32. b4 Be4 33. Nb2 Bd2 34. b5
Bb4 35. Rc8 Bxa5 36. bxa6 Rxa6 37. Bb5 Raa7 38. Bc6 Bxc6 39. Rxc6 Bc3 40. Rxa7
Rxa7 41. Nd3 Ra1+ 42. Kh2 Rd1 43. Ne5 d3 44. Nf3 Bb4 45. Rc8 Be7 46. g3 d2 47.
Nxd2 Rxd2 48. Kg2 Bf6 49. Kf1 Bd4 50. f4 Rf2+ 51. Ke1 Rf3 52. Re8 Bg1 53. Rc8
Rxg3 54. c5 Rxh3 55. c6 Rc3 0-1

[Event "DVM U14 2018"]
[Site "Magdeburg GER"]
[Date "2018.12.27"]
[Round "1"]
[White "Blome, Johannes"]
[Black "Seinsoth, Paul"]
[Result "1-0"]
[Termination "normal"]
[Board "1.4"]
[WhiteElo "1683"]
[BlackElo "1536"]
[WhiteClock "00:04:22"]
[BlackClock "00:35:46"]
[WhiteTeam "Hamburger SK"]
[BlackTeam "Erfurter SK"]
[PlyCount "61"]
[WhiteFideId "16233972"]
[BlackFideId "12994634"]
[EventCountry "GER"]
[EventRounds "7"]
[EventType "team-swiss"]
[EventDate "2018.12.26"]

1. e4 c5 2. Nf3 d6 3. Bb5+ Bd7 4. Bxd7+ Qxd7 5. c4 Nc6 6. Nc3 g6 7. d4 cxd4 8.
Nxd4 Bg7 9. Be3 Nf6 10. f3 O-O 11. O-O Rac8 12. b3 a6 13. Rc1 Qc7 14. Nd5 Qd8
15. Re1 e6 16. Nc3 Qe7 17. f4 Nxd4 18. Bxd4 e5 19. Nd5 Nxd5 20. exd5 f6 21. Bb6
Bh6 22. g3 Qd7 23. c5 exf4 24. c6 bxc6 25. dxc6 Rxc6 26. Qd5+ Kh8 27. Rxc6 fxg3
28. hxg3 Qg4 29. Qxd6 Qf3 30. Bf2 a5 31. Rc7 1-0

[Event "DVM U14 2018"]
[Site "Magdeburg GER"]
[Date "2018.12.27"]
[Round "1"]
[White "Stockmann, Till"]
[Black "Koll, Linus"]
[Result "1-0"]
[Termination "normal"]
[Board "2.1"]
[WhiteElo "1856"]
[BlackElo "2018"]
[WhiteClock "00:20:54"]
[BlackClock "00:30:56"]
[WhiteTeam "Schachzwerge Magdeburg"]
[BlackTeam "Karlsruher SF"]
[PlyCount "63"]
[WhiteFideId "12979341"]
[BlackFideId "12990299"]
[EventCountry "GER"]
[EventRounds "7"]
[EventType "team-swiss"]
[EventDate "2018.12.26"]

1. e4 c5 2. Nf3 Nc6 3. d4 cxd4 4. Nxd4 g6 5. Nc3 Bg7 6. Be3 Nf6 7. f3 O-O 8.
Bc4 a6 9. Qd2 Nxd4 10. Bxd4 b5 11. Bd5 Nxd5 12. Nxd5 Rb8 13. O-O-O Bxd4 14.
Qxd4 Bb7 15. Ne3 Bc6 16. Ng4 f6 17. h4 e5 18. Qd2 a5 19. h5 g5 20. Qe3 b4 21.
Rd6 b3 22. axb3 a4 23. Rhd1 Qe7 24. Qc5 Qg7 25. bxa4 Kh8 26. h6 Qg8 27. Nxf6
Qa2 28. Qxe5 Qa1+ 29. Kd2 Qxb2 30. Qxb2 Rxb2 31. Nxd7 Rc8 32. Kc1 1-0

[Event "DVM U14 2018"]
[Site "Magdeburg GER"]
[Date "2018.12.27"]
[Round "1"]
[White "Kravtsov, Maksim"]
[Black "Morgenstern, Tobias"]
[Result "1/2-1/2"]
[Termination "normal"]
[Board "2.2"]
[WhiteElo "1861"]
[BlackElo "1734"]
[WhiteClock "00:51:19"]
[BlackClock "00:14:30"]
[WhiteTeam "Karlsruher SF"]
[BlackTeam "Schachzwerge Magdeburg"]
[PlyCount "82"]
[WhiteFideId "54173868"]
[BlackFideId "12974390"]
[EventCountry "GER"]
[EventRounds "7"]
[EventType "team-swiss"]
[EventDate "2018.12.26"]

1. d4 Nf6 2. c4 g6 3. Nc3 Bg7 4. e4 d6 5. Nf3 O-O 6. Be2 e5 7. d5 a5 8. O-O Na6
9. Ne1 Nc5 10. f3 Nh5 11. Nd3 Nxd3 12. Bxd3 f5 13. Be3 f4 14. Bf2 g5 15. c5 Nf6
16. cxd6 cxd6 17. Nb5 g4 18. fxg4 Nxg4 19. h3 Nxf2 20. Rxf2 Qg5 21. Qf3 Rf6 22.
Nc7 Rb8 23. Ne6 Qh6 24. Kh2 Rg6 25. Qe2 Kh8 26. Bc4 Bd7 27. a4 Rg8 28. Bb5 Bc8
29. Rg1 Rg3 30. Rf3 Bf6 31. Rxg3 Rxg3 32. Rf1 Bxe6 33. dxe6 Re3 34. Qc4 Be7 35.
Qc8+ Kg7 36. Bc4 Kf6 37. Qg8 Qh4 38. Qh8+ Kg5 39. Qc8 Kf6 40. Qh8+ Kg5 41. Qc8
Kh6 1/2-1/2

[Event "DVM U14 2018"]
[Site "Magdeburg GER"]
[Date "2018.12.27"]
[Round "1"]
[White "Joppich, Til"]
[Black "Wang, Xinyuan"]
[Result "1-0"]
[Termination "normal"]
[Board "2.3"]
[WhiteElo "1889"]
[BlackElo "1748"]
[WhiteClock "00:02:13"]
[BlackClock "00:23:39"]
[WhiteTeam "Schachzwerge Magdeburg"]
[BlackTeam "Karlsruher SF"]
[PlyCount "69"]
[WhiteFideId "16232917"]
[BlackFideId "16221494"]
[EventCountry "GER"]
[EventRounds "7"]
[EventType "team-swiss"]
[EventDate "2018.12.26"]

1. e4 c5 2. Nf3 a6 3. c3 e6 4. d4 d5 5. e5 Bd7 6. Bd3 Nc6 7. a3 Nge7 8. O-O Ng6
9. Re1 cxd4 10. cxd4 Be7 11. Nc3 O-O 12. Bc2 Rc8 13. Be3 Re8 14. Qd3 b5 15. Na2
b4 16. a4 Qb6 17. b3 Rc7 18. h4 a5 19. h5 Nf8 20. Rad1 Bc8 21. Bf4 Ba6 22. Qd2
Rec8 23. Bb1 Nd8 24. Re3 g6 25. Bg5 Qa7 26. Bxe7 Rxe7 27. Ng5 Qd7 28. Rg3 Qe8
29. Qf4 Nd7 30. Nxh7 Kxh7 31. hxg6+ fxg6 32. Rh3+ Kg8 33. Qh6 Be2 34. Qh8+ Kf7
35. Rh7# 1-0

[Event "DVM U14 2018"]
[Site "Magdeburg GER"]
[Date "2018.12.27"]
[Round "1"]
[White "Borodaev, Roman"]
[Black "Heutling, Elina"]
[Result "0-1"]
[Termination "normal"]
[Board "2.4"]
[WhiteElo "1330"]
[BlackElo "1742"]
[WhiteClock "00:31:25"]
[BlackClock "00:26:27"]
[WhiteTeam "Karlsruher SF"]
[BlackTeam "Schachzwerge Magdeburg"]
[PlyCount "52"]
[WhiteFideId "16274881"]
[BlackFideId "16244729"]
[EventCountry "GER"]
[EventRounds "7"]
[EventType "team-swiss"]
[EventDate "2018.12.26"]

1. e4 c5 2. Nf3 d6 3. Nc3 Nf6 4. d4 cxd4 5. Nxd4 a6 6. Bc4 e6 7. Bg5 Be7 8. O-O
O-O 9. Qf3 Qc7 10. Bxf6 Bxf6 11. Qd3 Nd7 12. Bb3 Nc5 13. Qc4 b5 14. Qb4 Rb8 15.
Rad1 Bd7 16. Nce2 a5 17. Qd2 a4 18. f3 axb3 19. Nxb3 Nxb3 20. cxb3 Rb6 21. Nc3
Rc8 22. Rc1 Qa7 23. a3 Rbc6+ 24. Kh1 Qd4 25. Qe2 b4 26. Nb5 Qxb2 0-1

[Event "DVM U14 2018"]
[Site "Magdeburg GER"]
[Date "2018.12.27"]
[Round "1"]
[White "Hetzner, Hannes"]
[Black "Bui, Bao Anh Le"]
[Result "0-1"]
[Termination "normal"]
[Board "3.1"]
[WhiteElo "1895"]
[BlackElo "2071"]
[WhiteClock "00:16:39"]
[BlackClock "00:02:10"]
[WhiteTeam "SC Erlangen"]
[BlackTeam "SV Mattnetz Berlin"]
[PlyCount "92"]
[WhiteFideId "16211936"]
[BlackFideId "12970719"]
[EventCountry "GER"]
[EventRounds "7"]
[EventType "team-swiss"]
[EventDate "2018.12.26"]

1. d4 d5 2. c4 e6 3. Nf3 c6 4. e3 Nf6 5. Nc3 Nbd7 6. Qc2 Bd6 7. g4 h6 8. Rg1 e5
9. cxd5 cxd5 10. Nb5 Bb8 11. g5 hxg5 12. Nxg5 e4 13. Bd2 a6 14. Rc1 Bxh2 15.
Nc7+ Bxc7 16. Qxc7 Qxc7 17. Rxc7 a5 18. Bxa5 Rh6 19. Bh3 Rxa5 20. Rxc8+ Ke7 21.
a3 Rb5 22. b4 Rb6 23. f3 exf3 24. Bxd7 Nxd7 25. Nxf3 Rh3 26. Ke2 Rf6 27. Ne5
Nxe5 28. dxe5 Rff3 29. Rc7+ Ke6 30. Rxg7 Rxe3+ 31. Kf2 Rhf3+ 32. Kg2 Rxa3 33.
Rxb7 Rab3 34. Rb6+ Kxe5 35. Rb5 Rf4 36. Rg5+ f5 37. Rb8 Rfxb4 38. Re8+ Kf4 39.
Rh5 Ra3 40. Kf2 Rb2+ 41. Kf1 Rf3+ 42. Kg1 Rb1+ 43. Kg2 Rbf1 44. Rh4+ Kg5 45.
Rhh8 R3f2+ 46. Kh3 Kf4 0-1

[Event "DVM U14 2018"]
[Site "Magdeburg GER"]
[Date "2018.12.27"]
[Round "1"]
[White "Schauties, Nico Antonio"]
[Black "Högner, Tom"]
[Result "1-0"]
[Termination "normal"]
[Board "3.2"]
[WhiteElo "1916"]
[BlackElo "1880"]
[WhiteClock "00:01:49"]
[BlackClock "00:04:08"]
[WhiteTeam "SV Mattnetz Berlin"]
[BlackTeam "SC Erlangen"]
[PlyCount "77"]
[WhiteFideId "16206371"]
[BlackFideId "12995436"]
[EventCountry "GER"]
[EventRounds "7"]
[EventType "team-swiss"]
[EventDate "2018.12.26"]

1. d4 d5 2. c4 e6 3. Nf3 Nf6 4. Bg5 Be7 5. e3 c5 6. Nc3 cxd4 7. exd4 dxc4 8.
Bxc4 O-O 9. O-O a6 10. a4 Nc6 11. d5 exd5 12. Nxd5 Nxd5 13. Qxd5 Bxg5 14. Nxg5
Qxd5 15. Bxd5 Nd8 16. Rac1 h6 17. Nh3 Ne6 18. Rfd1 Rb8 19. b3 b5 20. a5 Re8 21.
f3 Nd8 22. Nf4 Bb7 23. Bxb7 Rxb7 24. Rd6 Ne6 25. Nxe6 Rxe6 26. Rxe6 fxe6 27.
Rc6 Ra7 28. Rxe6 Kf7 29. Rc6 Ke8 30. Kf2 Kd7 31. Rg6 Kc8 32. g4 Kd8 33. Ke3 Kc8
34. f4 Kb8 35. f5 Re7+ 36. Re6 Rxe6+ 37. fxe6 Kc7 38. Ke4 Kd6 39. Kf5 1-0

[Event "DVM U14 2018"]
[Site "Magdeburg GER"]
[Date "2018.12.27"]
[Round "1"]
[White "Zeltner, Richard"]
[Black "Schnabel, Luise"]
[Result "0-1"]
[Termination "normal"]
[Board "3.3"]
[WhiteElo "1689"]
[BlackElo "1837"]
[WhiteClock "00:00:33"]
[BlackClock "00:04:34"]
[WhiteTeam "SC Erlangen"]
[BlackTeam "SV Mattnetz Berlin"]
[PlyCount "68"]
[WhiteFideId "12972703"]
[BlackFideId "12943347"]
[EventCountry "GER"]
[EventRounds "7"]
[EventType "team-swiss"]
[EventDate "2018.12.26"]

1. e4 Nf6 2. Nc3 d5 3. exd5 Nxd5 4. Nxd5 Qxd5 5. Nf3 Nc6 6. d4 Bg4 7. Be2 e6 8.
Be3 Be7 9. O-O O-O 10. h3 Bh5 11. g4 Bg6 12. c4 Qd7 13. a3 Rad8 14. Bd3 Bf6 15.
Qc2 Bxd3 16. Qxd3 Rfe8 17. Rad1 e5 18. Ng5 Bxg5 19. Bxg5 f6 20. Be3 Nxd4 21.
Bd2 e4 22. Qe3 Nf3+ 23. Kg2 Nxd2 24. Rfe1 Qd4 25. Qxd4 Rxd4 26. Re2 Red8 27.
Kg3 e3 28. Kg2 exf2 29. Rxf2 Nxc4 30. Rc1 Ne3+ 31. Kf3 Nd5 32. Re2 c6 33. Rce1
Rd3+ 34. Kf2 Rxh3 0-1

[Event "DVM U14 2018"]
[Site "Magdeburg GER"]
[Date "2018.12.27"]
[Round "1"]
[White "Franz, Franz Theodor"]
[Black "Gilbert, Tim"]
[Result "1-0"]
[Termination "normal"]
[Board "3.4"]
[WhiteElo "1451"]
[BlackElo "1617"]
[WhiteClock "00:33:42"]
[BlackClock "00:22:52"]
[WhiteTeam "SV Mattnetz Berlin"]
[BlackTeam "SC Erlangen"]
[PlyCount "109"]
[WhiteFideId "12992674"]
[BlackFideId "16269527"]
[EventCountry "GER"]
[EventRounds "7"]
[EventType "team-swiss"]
[EventDate "2018.12.26"]

1. e4 e6 2. d4 d5 3. Nc3 Nf6 4. Bg5 Be7 5. e5 Nfd7 6. h4 h6 7. Be3 a6 8. Qg4 g6
9. Bd3 Nf8 10. Nge2 Bb4 11. f4 h5 12. Qh3 Nc6 13. g4 f5 14. gxf5 exf5 15. Ng1
Ne6 16. Nf3 Qe7 17. Rg1 Qf7 18. Ke2 Bd7 19. a3 Be7 20. Rg2 O-O-O 21. Rag1 Rdg8
22. Kf2 Rh7 23. Nxd5 Rhg7 24. Nxe7+ Nxe7 25. Bc4 Bc6 26. Qh2 Bxf3 27. Kxf3
Nxd4+ 28. Bxd4 Qxc4 29. Rd2 Rd8 30. Rgd1 Nc6 31. Bc3 Qe4+ 32. Kf2 Rgd7 33. Kf1
Qf3+ 34. Qf2 Qh3+ 35. Ke2 Qg4+ 36. Ke1 Rxd2 37. Rxd2 Rxd2 38. Kxd2 Kd7 39. b3
Ke6 40. Bb2 Ne7 41. c4 Ng8 42. Bd4 Nh6 43. Bc5 Qh3 44. Qd4 Qh2+ 45. Kc3 Qh1 46.
Kb4 b6 47. Bxb6 cxb6 48. Qxb6+ Kf7 49. Qf6+ Ke8 50. Qxg6+ Ke7 51. Qxh6 Qb7+ 52.
Kc5 Qc7+ 53. Qc6 Qa7+ 54. Kd5 Qb8 55. Qd6+ 1-0

[Event "DVM U14 2018"]
[Site "Magdeburg GER"]
[Date "2018.12.27"]
[Round "1"]
[White "Yi, Danny"]
[Black "Gallasch, Jonas"]
[Result "1-0"]
[Termination "normal"]
[Board "4.1"]
[WhiteElo "2133"]
[BlackElo "2101"]
[WhiteClock "00:06:25"]
[BlackClock "00:08:27"]
[WhiteTeam "SF 59 Kornwestheim"]
[BlackTeam "SG Porz"]
[PlyCount "149"]
[WhiteFideId "12988588"]
[BlackFideId "16222474"]
[EventCountry "GER"]
[EventRounds "7"]
[EventType "team-swiss"]
[EventDate "2018.12.26"]

1. e4 c6 2. Nc3 d5 3. Nf3 Nf6 4. e5 Ne4 5. Ne2 Qb6 6. d4 e6 7. Nfg1 f6 8. f3
Ng5 9. exf6 gxf6 10. f4 Nf7 11. Nf3 Bd6 12. Ng3 O-O 13. Nh5 Qd8 14. Bd3 e5 15.
dxe5 fxe5 16. Be2 Bg4 17. fxe5 Bxe5 18. Nxe5 Nxe5 19. Bxg4 Qh4+ 20. g3 Qxg4 21.
Qxg4+ Nxg4 22. h3 Ne5 23. Bh6 Rf7 24. O-O-O Nbd7 25. Rhf1 Re8 26. b3 Re6 27.
Bg5 Rxf1 28. Rxf1 Nf7 29. Bd2 Nd6 30. Bc3 Ne4 31. Bb2 Re7 32. Rf4 Rf7 33. g4
Rxf4 34. Nxf4 Kf7 35. Kd1 Nf8 36. Ke2 Ne6 37. Ke3 Ke7 38. c4 Nxf4 39. Kxf4 Ke6
40. cxd5+ cxd5 41. h4 a6 42. g5 Nf2 43. Bd4 Nd3+ 44. Ke3 Ne1 45. h5 Ng2+ 46.
Kd2 Nf4 47. g6 h6 48. Ke3 Nxh5 49. Kf3 Nf6 50. g7 Ng8 51. Kg4 h5+ 52. Kg5 h4
53. Kxh4 Kf5 54. Kg3 Ke4 55. Bc5 Nh6 56. Kf2 Kd3 57. b4 b5 58. Ke1 Kc3 59. Ke2
Kc4 60. Be3 Ng8 61. Bd2 Kd4 62. a3 Kc4 63. Bf4 Kb3 64. Kd3 Ne7 65. Bg5 Ng8 66.
Kd4 Kxa3 67. Bd2 Ne7 68. Ke5 d4 69. Ke6 Ng8 70. Kf7 Kb2 71. Kxg8 Kc2 72. Bg5 d3
73. Kf7 d2 74. Bxd2 Kxd2 75. g8=Q 1-0

[Event "DVM U14 2018"]
[Site "Magdeburg GER"]
[Date "2018.12.27"]
[Round "1"]
[White "Sabirov, Rafael"]
[Black "Afonso, Nils"]
[Result "1-0"]
[Termination "normal"]
[Board "4.2"]
[WhiteElo "1571"]
[BlackElo "2012"]
[WhiteClock "00:01:30"]
[BlackClock "00:15:28"]
[WhiteTeam "SG Porz"]
[BlackTeam "SF 59 Kornwestheim"]
[PlyCount "77"]
[WhiteFideId "16241185"]
[BlackFideId "12990582"]
[EventCountry "GER"]
[EventRounds "7"]
[EventType "team-swiss"]
[EventDate "2018.12.26"]

1. e4 c5 2. Nf3 Nc6 3. d4 cxd4 4. Nxd4 g6 5. Be3 Bg7 6. Nc3 Nf6 7. Qd2 O-O 8.
Bc4 Nxe4 9. Bxf7+ Rxf7 10. Nxe4 Qc7 11. Nb5 Qe5 12. Nbc3 Nb4 13. a3 Nc6 14. O-O
b6 15. f4 Qc7 16. Rad1 Ba6 17. Rf2 Rd8 18. Nd5 Qb8 19. b3 d6 20. Nb4 Nxb4 21.
Qxb4 d5 22. Ng5 Rf6 23. Bd4 Rxf4 24. Qxe7 Bxd4 25. Qxh7+ Kf8 26. Ne6+ Ke8 27.
Rxd4 Rxf2 28. Kxf2 Qe5 29. Qg8+ Ke7 30. Qxd8+ Kxe6 31. Qe8+ Kf5 32. Qxe5+ Kxe5
33. Ra4 Bc8 34. Rxa7 Kd4 35. Rc7 Bf5 36. a4 Be4 37. b4 Ke5 38. Re7+ Kd6 39.
Rxe4 1-0

[Event "DVM U14 2018"]
[Site "Magdeburg GER"]
[Date "2018.12.27"]
[Round "1"]
[White "Kazimov, Alis"]
[Black "Afonso, Phil"]
[Result "0-1"]
[Termination "normal"]
[Board "4.4"]
[WhiteElo "1499"]
[BlackElo "1595"]
[WhiteClock "01:46:25"]
[BlackClock "00:29:15"]
[WhiteTeam "SG Porz"]
[BlackTeam "SF 59 Kornwestheim"]
[PlyCount "104"]
[WhiteFideId "16255348"]
[BlackFideId "16207475"]
[EventCountry "GER"]
[EventRounds "7"]
[EventType "team-swiss"]
[EventDate "2018.12.26"]

1. e4 c5 2. c4 Nc6 3. Nc3 Nf6 4. d3 e5 5. g3 d6 6. Bg2 g6 7. Nge2 Bg7 8. O-O
O-O 9. Rb1 Bd7 10. f4 exf4 11. Bxf4 Bg4 12. h3 Bxe2 13. Nxe2 Re8 14. Qd2 Re7
15. Bg5 Re6 16. Nf4 Nxe4 17. Nxe6 Nxd2 18. Nxd8 Bd4+ 19. Kh2 Nxf1+ 20. Bxf1
Nxd8 21. Bxd8 Rxd8 22. b4 b6 23. bxc5 dxc5 24. Re1 Kf8 25. Bg2 Bg7 26. Bd5 b5
27. Rf1 f6 28. Re1 Rd6 29. Re6 Rxe6 30. Bxe6 b4 31. Kg2 Ke7 32. Bd5 Kd6 33. Kf3
a5 34. Ke2 Ke5 35. Kd2 Kd4 36. Kc2 a4 37. Bc6 a3 38. Bg2 Ke3 39. g4 Kf2 40. Be4
Ke3 41. Kb3 Kd4 42. Kc2 Ke5 43. Bf3 f5 44. Bd1 f4 45. h4 h6 46. Kd2 Kd4 47. g5
h5 48. Ke2 Be5 49. Kd2 f3 50. Bxf3 b3 51. axb3 a2 52. Be4 a1=Q 0-1

[Event "DVM U14 2018"]
[Site "Magdeburg GER"]
[Date "2018.12.27"]
[Round "1"]
[White "Meier, Silas"]
[Black "Liebold, Aaron"]
[Result "1-0"]
[Termination "normal"]
[Board "5.1"]
[WhiteElo "1758"]
[BlackElo "1892"]
[WhiteTeam "Schachakademie Paderborn"]
[BlackTeam "ESV Gera"]
[PlyCount "97"]
[WhiteFideId "16210662"]
[BlackFideId "12997846"]
[EventCountry "GER"]
[EventRounds "7"]
[EventType "team-swiss"]
[EventDate "2018.12.26"]

1. Nf3 Nf6 2. c4 e6 3. g3 b6 4. Bg2 Bb7 5. O-O Be7 6. b3 O-O 7. Bb2 c5 8. Nc3
Nc6 9. e3 Rc8 10. Re1 d5 11. cxd5 exd5 12. d4 h6 13. Rc1 Re8 14. Na4 cxd4 15.
Nxd4 Nxd4 16. Qxd4 Qd7 17. Red1 Qe6 18. Nc3 Bc5 19. Qd3 Red8 20. Nb5 Ba6 21.
Nd4 Bxd4 22. Qxd4 Bb7 23. Rc3 Rxc3 24. Bxc3 Rc8 25. a3 Qf5 26. Rc1 Ne8 27. h4
f6 28. Qd2 Nd6 29. Bd4 Ne4 30. Rxc8+ Bxc8 31. Qe2 Qe6 32. Qb5 Qf5 33. Qe2 Kh7
34. Qf3 Qe6 35. Qe2 a6 36. Qc2 b5 37. f3 Bb7 38. fxe4 dxe4 39. Kh2 Bd5 40. Bc5
f5 41. Bd4 Bxb3 42. Qc7 Qg6 43. Bh3 Be6 44. Qe7 Bc8 45. h5 Qg5 46. Qf7 a5 47.
Bf1 b4 48. Bc4 f4 49. Qg8# 1-0

[Event "DVM U14 2018"]
[Site "Magdeburg GER"]
[Date "2018.12.27"]
[Round "1"]
[White "Müller, Magnus"]
[Black "Yin, Haode"]
[Result "1-0"]
[Termination "normal"]
[Board "5.2"]
[WhiteElo "1830"]
[BlackElo "1696"]
[WhiteTeam "ESV Gera"]
[BlackTeam "Schachakademie Paderborn"]
[PlyCount "75"]
[WhiteFideId "16230060"]
[BlackFideId "16261348"]
[EventCountry "GER"]
[EventRounds "7"]
[EventType "team-swiss"]
[EventDate "2018.12.26"]

1. d4 Nf6 2. Nf3 g6 3. Nc3 Bg7 4. e4 d6 5. Be3 O-O 6. Qd2 Nbd7 7. h3 e5 8. dxe5
Nxe5 9. Nd4 d5 10. f4 c5 11. Nb3 Nc6 12. exd5 Nb4 13. O-O-O b6 14. g4 Bb7 15.
Bg2 c4 16. Na1 Re8 17. Rhe1 Qd7 18. a3 Na6 19. Bf3 Rad8 20. g5 Nh5 21. Bg4 Qe7
22. Bxb6 Qd6 23. Bxd8 Rxd8 24. Bxh5 gxh5 25. f5 Rb8 26. f6 Bf8 27. Re4 Nc7 28.
Rxc4 Bxd5 29. Nxd5 Qxa3 30. Nb3 Rxb3 31. cxb3 Qxb3 32. Qc2 Qxh3 33. Rxc7 Qg4
34. Ne7+ Kh8 35. Rc8 Qxg5+ 36. Qd2 Qxf6 37. Rxf8+ Kg7 38. Rg8# 1-0

[Event "DVM U14 2018"]
[Site "Magdeburg GER"]
[Date "2018.12.27"]
[Round "1"]
[White "Nourzad, Shayan"]
[Black "Schubert, Nikita"]
[Result "0-1"]
[Termination "normal"]
[Board "5.3"]
[WhiteElo "1628"]
[BlackElo "1969"]
[WhiteTeam "Schachakademie Paderborn"]
[BlackTeam "ESV Gera"]
[PlyCount "62"]
[WhiteFideId "16274890"]
[BlackFideId "16212339"]
[EventCountry "GER"]
[EventRounds "7"]
[EventType "team-swiss"]
[EventDate "2018.12.26"]

1. d4 Nf6 2. Nf3 d5 3. g3 e6 4. Bg2 Be7 5. O-O O-O 6. c4 dxc4 7. Ne5 c5 8. dxc5
Qc7 9. Nxc4 Qxc5 10. b3 Rd8 11. Nbd2 Qc7 12. Bb2 Nc6 13. Rc1 Bd7 14. Ne5 Rac8
15. Nxc6 Bxc6 16. Bxc6 bxc6 17. Qc2 Nd5 18. a3 Bg5 19. Rfd1 c5 20. e4 Nb6 21.
f4 Be7 22. Kg2 Rd7 23. Nc4 Nxc4 24. Qxc4 Rcd8 25. Rxd7 Rxd7 26. Qc3 Bf8 27. b4
Qb7 28. bxc5 Qxe4+ 29. Kf2 Rd3 30. Qc2 Qe3+ 31. Kf1 Rd2 0-1

[Event "DVM U14 2018"]
[Site "Magdeburg GER"]
[Date "2018.12.27"]
[Round "1"]
[White "Helmsdorf, Marius"]
[Black "Brinkschröder, Josh"]
[Result "1-0"]
[Termination "normal"]
[Board "5.4"]
[WhiteElo "1533"]
[BlackElo "1198"]
[WhiteTeam "ESV Gera"]
[BlackTeam "Schachakademie Paderborn"]
[PlyCount "83"]
[WhiteFideId "16274873"]
[BlackFideId "16274903"]
[EventCountry "GER"]
[EventRounds "7"]
[EventType "team-swiss"]
[EventDate "2018.12.26"]

1. c4 Nf6 2. d4 e6 3. Nf3 d5 4. Bg5 Nbd7 5. e3 c6 6. c5 Qa5+ 7. Qd2 Qd8 8. Be2
Be7 9. b4 Ne4 10. Bxe7 Qxe7 11. Qc2 O-O 12. O-O b6 13. Nbd2 bxc5 14. bxc5 f5
15. Rab1 Ndf6 16. Ne5 Nxd2 17. Qxd2 Ne4 18. Qc2 Bb7 19. Rb2 Rab8 20. Rfb1 Rfc8
21. Ba6 Rc7 22. Nxc6 Rxc6 23. Rxb7 Rxb7 24. Rxb7 Qh4 25. g3 Qh3 26. Bf1 Qg4 27.
Qb2 Rc8 28. Rb8 Rxb8 29. Qxb8+ Kf7 30. Qxa7+ Kf6 31. Qa4 Qf3 32. Qc2 Qh5 33. c6
Ng5 34. Bg2 Qe8 35. c7 Qc8 36. Bf1 Nf3+ 37. Kh1 Kg6 38. Qc1 Ng5 39. Ba6 Qxa6
40. c8=Q Nh3 41. Qxa6 Nxf2+ 42. Kg2 1-0

[Event "DVM U14 2018"]
[Site "Magdeburg GER"]
[Date "2018.12.27"]
[Round "1"]
[White "Sulayev, Daniel"]
[Black "Kirchner, Markus"]
[Result "1-0"]
[Termination "normal"]
[Board "6.1"]
[WhiteElo "2061"]
[BlackElo "1928"]
[WhiteTeam "SV Empor Berlin"]
[BlackTeam "SF Schöneck"]
[PlyCount "71"]
[WhiteFideId "12977675"]
[BlackFideId "12979163"]
[EventCountry "GER"]
[EventRounds "7"]
[EventType "team-swiss"]
[EventDate "2018.12.26"]

1. Nf3 f5 2. d3 g6 3. e4 fxe4 4. dxe4 Bg7 5. Bc4 e6 6. Nc3 Nc6 7. Bg5 Bf6 8. h4
h6 9. Bf4 a6 10. a4 Qe7 11. e5 Bg7 12. Qe2 Qf7 13. Qe4 Nge7 14. O-O-O b6 15.
Ne2 Qf5 16. Ng3 Qxe4 17. Nxe4 Na5 18. Ba2 Bb7 19. Nf6+ Bxf6 20. exf6 Nd5 21.
Bxd5 Bxd5 22. Bxc7 Bxf3 23. gxf3 Nc4 24. b3 Rc8 25. Bf4 Na5 26. Kb2 d5 27. h5
g5 28. Be3 Rc6 29. f4 gxf4 30. Bxf4 Kf7 31. Be5 Rcc8 32. Rhg1 Rhg8 33. f4 Nb7
34. Rg7+ Rxg7 35. fxg7 Nc5 36. Rg1 1-0